[Event "AUTO-OPEN-4607"]
[Site "http://www.queenalice.com/game.php?id=1861058"]
[Date "2025.8.4"]
[Round "1"]
[White "josebaron"]
[Black "Scharlatan"]
[Result "1-0"]
[WhiteElo "2165"]
[BlackElo "2018"]

1. e4 e5 2. Nf3 Nc6 3. Bb5 a6 4. Bxc6 dxc6 5. d3 f6 6. O-O Ne7 7. c4 Ng6 8. Nc3
Be6 9. a3 Qd7 10. Qc2 h5 11. Kh1 h4 12. h3 O-O-O 13. Rd1 Nf4 14. Bxf4 exf4 15.
d4 Bxc4 16. d5 Bd6 17. b3 1-0

[Event "AUTO-MASTER-3276"]
[Site "http://www.queenalice.com/game.php?id=1861153"]
[Date "2025.8.5"]
[Round "1"]
[White "IranSilva"]
[Black "Scharlatan"]
[Result "1-0"]
[WhiteElo "2222"]
[BlackElo "2058"]

1. Nf3 Nf6 2. g3 g6 3. Bg2 Bg7 4. O-O O-O 5. d4 d6 6. c4 Bf5 7. Nc3 c6 8. Nh4
Be6 9. d5 cxd5 10. cxd5 Bd7 11. Bd2 Na6 12. Rc1 Nb4 13. a3 Na6 14. b4 Rc8 15. e4
e6 16. Be3 exd5 17. Nxd5 Nxd5 18. Qxd5 Bc6 19. Qb3 Qe8 20. b5 1-0

[Event "AUTO-MASTER-3276"]
[Site "http://www.queenalice.com/game.php?id=1861166"]
[Date "2025.8.5"]
[Round "1"]
[White "Scharlatan"]
[Black "JailtonMaster"]
[Result "0-1"]
[WhiteElo "2070"]
[BlackElo "2204"]

1. e4 c5 2. Nf3 d6 3. d4 cxd4 4. Nxd4 Nf6 5. Nc3 a6 6. Bc4 e6 7. Bb3 Be7 8. g4
Nc6 9. g5 Nd7 10. Bxe6 Nxd4 11. Bxd7+ Bxd7 12. Qxd4 O-O 13. h4 Rc8 14. Bd2 Be6
15. f4 Rc4 16. Qf2 b5 17. f5 b4 18. Nd5 Rxe4+ 0-1

[Event "AUTO-OPEN-4614"]
[Site "http://www.queenalice.com/game.php?id=1862887"]
[Date "2025.9.11"]
[Round "1"]
[White "maurice916"]
[Black "Scharlatan"]
[Result "1-0"]
[WhiteElo "1855"]
[BlackElo "2047"]

1. Nf3 f5 2. b3 d6 3. Bb2 e5 4. d3 Nf6 5. Nfd2 Be7 6. g3 O-O 7. Bg2 c6 8. O-O
Be6 9. c4 Qe8 10. Nc3 Qh5 11. Bf3 Ng4 12. Bxg4 Qxg4 13. f3 Qh3 14. Rf2 Nd7 15.
Nf1 Nf6 16. e3 g5 17. Rg2 Kf7 18. Qe2 Qh6 19. Bc1 Qg6 20. Bd2 h5 21. Re1 Rh8 22.
Nd1 Qh7 23. h3 Rag8 24. Rh2 b6 25. Nf2 a5 26. Bc3 Qg6 27. Kh1 Rh6 28. Bd2 c5 29.
f4 h4 30. g4 fxg4 31. hxg4 Bd7 32. f5 Qg7 33. e4 Rb8 34. Nh3 Ne8 35. Qf3 Bf6 36.
Be3 b5 37. Qe2 Nc7 38. Qd2 b4 39. Bxg5 Rhh8 40. Bxf6 Qxf6 41. g5 Qd8 42. g6+ Kg7
43. Ng5 Ne8 44. Ne3 Bc6 45. Ne6+ 1-0

[Event "AUTO-OPEN-4614"]
[Site "http://www.queenalice.com/game.php?id=1862888"]
[Date "2025.9.11"]
[Round "1"]
[White "Scharlatan"]
[Black "maurice916"]
[Result "1-0"]
[WhiteElo "2066"]
[BlackElo "1897"]

1. e4 c6 2. Nc3 d5 3. Qf3 dxe4 4. Nxe4 Nf6 5. Bc4 Bg4 6. Nxf6+ exf6 7. Qxg4 h5
8. Qe4+ Be7 9. Bd3 Qd6 10. b3 g6 11. a4 Nd7 12. Ba3 c5 13. Bb5 O-O-O 14. Ne2 a6
15. Bc4 f5 16. Qf3 Bf6 17. O-O-O Nb6 18. Bxf7 Qe5 19. Nc3 g5 20. Rhe1 Qf4 21.
Qxf4 gxf4 22. Be6+ Kb8 23. Bxc5 Na8 24. Bxf5 1-0

[Event "AUTO-OPEN-4614"]
[Site "http://www.queenalice.com/game.php?id=1862909"]
[Date "2025.9.11"]
[Round "1"]
[White "Capixabba789"]
[Black "Scharlatan"]
[Result "1/2-1/2"]
[WhiteElo "1892"]
[BlackElo "2053"]

1. d4 f5 2. Nc3 Nf6 3. e3 d6 4. f4 e6 5. Nf3 Be7 6. Bd3 O-O 7. O-O b6 8. Bd2 Bb7
9. a3 Nbd7 10. Ne2 Qe8 11. Ng3 h6 12. Bc3 Ne4 13. Nxe4 Bxe4 14. Qe1 Nf6 15. Bxe4
Nxe4 16. Bd2 g5 17. fxg5 hxg5 18. c4 g4 19. Bb4 gxf3 20. Rxf3 Qg6 21. Rh3 Kf7
22. Qe2 Nf6 23. Rf1 Ke8 24. Qf3 Kd7 25. Bc3 Rg8 26. Rg3 Qf7 27. b4 Rxg3 28. hxg3
Ne4 29. a4 Nxc3 30. Qxa8 d5 31. cxd5 Nxd5 32. b5 Bd6 33. e4 Ne3 34. Qc6+ Ke7 35.
Re1 f4 36. e5 Bb4 37. Qxc7+ Kf8 38. Qxf7+ Kxf7 39. Re2 Nf5 40. gxf4 Nxd4 41. Re4
Bc5 42. Kh2 Kg6 43. g4 Nf3+ 44. Kg3 Nd4 45. Re1 Nc2 46. Rd1 Nd4 47. Rh1 Ne2+ 48.
Kf3 Nc3 49. Rh8 Nxa4 50. Ra8 Nc3 51. Rxa7 Nxb5 52. Ra8 Nd4+ 53. Ke4 Ne2 54. f5+
exf5+ 55. gxf5+ Kf7 56. Ra7+ Ke8 57. f6 Nc3+ 58. Kf5 Nb5 59. Rh7 Nd4+ 60. Ke4
Ne6 61. Rh8+ Kf7 62. Rh7+ Ke8 63. Rh8+ Kf7 64. Rh7+ Ke8 65. Rh8+ 1/2-1/2

[Event "AUTO-OPEN-4614"]
[Site "http://www.queenalice.com/game.php?id=1862910"]
[Date "2025.9.11"]
[Round "1"]
[White "Scharlatan"]
[Black "Capixabba789"]
[Result "0-1"]
[WhiteElo "2049"]
[BlackElo "1941"]

1. e4 e5 2. Nf3 d6 3. Bc4 Be7 4. d4 exd4 5. Nxd4 Nf6 6. Nc3 c5 7. Bb5+ Nbd7 8.
Nf5 O-O 9. Nxd6 Ne5 10. O-O Qxd6 11. Qe2 Bg4 12. f3 Bd7 13. Rd1 Qb6 14. Bf4 Bxb5
15. Nxb5 Nd3 16. Qxd3 c4+ 17. Qe3 Qxb5 18. Kh1 Rfe8 19. g4 b6 20. g5 Nh5 21. Bd6
Bxg5 22. f4 Bh6 23. Rd5 Qxb2 24. Rg1 Qxc2 25. Rxh5 Rxe4 26. Qg3 Re2 27. Rxh6
Qe4+ 28. Rg2 Re1+ 29. Qxe1 Qxe1+ 0-1

[Event "AUTO-OPEN-4614"]
[Site "http://www.queenalice.com/game.php?id=1862921"]
[Date "2025.9.11"]
[Round "1"]
[White "Pin"]
[Black "Scharlatan"]
[Result "0-1"]
[WhiteElo "2015"]
[BlackElo "2025"]

1. d4 f5 2. c4 Nf6 3. Nc3 d6 4. Nf3 g6 5. e3 Bg7 6. Bd3 O-O 7. O-O Nc6 8. Bd2
Nh5 9. Re1 e5 10. e4 f4 11. d5 Ne7 12. b4 b6 13. Rc1 h6 14. Na4 g5 15. Nxg5 hxg5
16. Qxh5 Rf6 17. Qxg5 Qe8 18. Be2 Rg6 19. Qh4 Qf7 20. Bh5 Bf6 21. Bxg6 Qxg6 0-1

[Event "AUTO-OPEN-4576"]
[Site "http://www.queenalice.com/game.php?id=1863002"]
[Date "2025.9.14"]
[Round "2"]
[White "Scharlatan"]
[Black "SGF"]
[Result "1-0"]
[WhiteElo "2078"]
[BlackElo "1688"]

1. e4 e5 2. Nf3 Qf6 3. Nc3 c6 4. d4 h6 5. Nxe5 d6 6. Nf3 Bg4 7. Be2 a5 8. h3
Bxf3 9. Bxf3 g5 10. Be3 b5 11. O-O Ne7 12. e5 dxe5 13. dxe5 Qxe5 14. Bd4 Qd6 15.
Bxh8 Qxd1 16. Raxd1 Nd7 17. Rfe1 f6 18. Bxc6 Ra7 19. Bxf6 b4 20. Nd5 a4 21. Bxe7
Bxe7 22. Bxd7+ Kxd7 23. Rxe7+ Kc6 24. Rxa7 Kb5 25. Rd4 Kc5 26. c3 bxc3 27. bxc3
h5 28. Ra5+ Kc6 29. Ne7+ Kb6 30. Raxa4 g4 31. Rab4+ Kc5 32. Rd5# 1-0

[Event "AUTO-OPEN-4576"]
[Site "http://www.queenalice.com/game.php?id=1863003"]
[Date "2025.9.14"]
[Round "2"]
[White "SGF"]
[Black "Scharlatan"]
[Result "1-0"]
[WhiteElo "1735"]
[BlackElo "2092"]

1. e4 Nf6 2. Qf3 Nc6 3. c3 e5 4. d3 d5 5. Be2 Bc5 6. Qg3 dxe4 7. dxe4 Nxe4 8.
Qxg7 Bxf2+ 9. Kf1 Rf8 10. Bh6 Bc5 11. b4 Qh4 12. g3 Nxg3+ 13. hxg3 Qxh1 14. bxc5
Bh3+ 15. Kf2 Qg2+ 16. Ke3 O-O-O 17. Nxh3 Qxh3 18. Bg4+ 1-0

[Event "AUTO-OPEN-4576"]
[Site "http://www.queenalice.com/game.php?id=1863004"]
[Date "2025.9.14"]
[Round "2"]
[White "Scharlatan"]
[Black "josebaron"]
[Result "1/2-1/2"]
[WhiteElo "2023"]
[BlackElo "2198"]

1. e4 e5 2. Nf3 Nc6 3. d4 exd4 4. Bc4 d6 5. Nxd4 Nf6 6. Nc3 Be7 7. Bf4 O-O 8.
O-O Ne5 9. Bb3 c5 10. Bxe5 dxe5 11. Nf3 Qc7 12. Qe2 Rd8 13. Rad1 Rxd1 14. Rxd1
Bg4 15. h3 Bh5 16. g4 Bg6 17. Nh4 Nxe4 18. Nxe4 Bxe4 19. Qxe4 Bxh4 20. Rd5 Rd8
21. Rxe5 g6 1/2-1/2

[Event "AUTO-OPEN-4576"]
[Site "http://www.queenalice.com/game.php?id=1863005"]
[Date "2025.9.14"]
[Round "2"]
[White "josebaron"]
[Black "Scharlatan"]
[Result "1/2-1/2"]
[WhiteElo "2156"]
[BlackElo "2073"]

1. e4 Nf6 2. Nc3 d5 3. exd5 Nxd5 4. Nxd5 Qxd5 5. Nf3 Bg4 6. Be2 e5 7. d3 Bc5 8.
c4 Qd6 9. O-O O-O 10. Be3 Nc6 11. Bxc5 Qxc5 12. a3 Rad8 13. Qc2 Bxf3 14. Bxf3
Nd4 15. Qd1 c6 16. Re1 1/2-1/2

[Event "AUTO-MASTER-3281"]
[Site "http://www.queenalice.com/game.php?id=1863105"]
[Date "2025.9.18"]
[Round "1"]
[White "Scharlatan"]
[Black "cerenzo72"]
[Result "1/2-1/2"]
[WhiteElo "2039"]
[BlackElo "2183"]

1. d4 Nf6 2. Nc3 g6 3. e4 d6 4. Bg5 Bg7 5. e5 dxe5 6. dxe5 Ng4 7. Qxd8+ Kxd8 8.
Rd1+ Bd7 9. Nd5 Nc6 10. f4 Re8 11. Nf3 Kc8 12. h3 Nh6 13. Bb5 f6 14. Bh4 fxe5
15. Bxc6 Bxc6 16. Nxe7+ Kb8 17. Nxc6+ bxc6 18. Nxe5 Bxe5 19. fxe5 Rxe5+ 20. Kd2
Kb7 21. Rhe1 Rae8 1/2-1/2

[Event "AUTO-MASTER-3281"]
[Site "http://www.queenalice.com/game.php?id=1863120"]
[Date "2025.9.18"]
[Round "1"]
[White "Scharlatan"]
[Black "chessman"]
[Result "0-1"]
[WhiteElo "2062"]
[BlackElo "2067"]

1. d4 d5 2. Nc3 c6 3. e4 dxe4 4. f3 exf3 5. Nxf3 Nf6 6. Bg5 e6 7. Qd2 Be7 8.
O-O-O O-O 9. Kb1 Re8 10. h4 Nbd7 11. Bd3 Nb6 12. Ne5 Nfd5 13. Nxd5 exd5 14. Nxf7
Kxf7 15. Bxh7 Nc4 16. Rhf1+ Bf6 17. Qd3 Re6 18. Bxf6 Rxf6 19. Qg6+ Kf8 20. Kc1
Ne3 21. Rxf6+ Qxf6 22. Re1 Bf5 23. Qxf6+ gxf6 24. Bxf5 Nxf5 0-1

[Event "AUTO-MASTER-3281"]
[Site "http://www.queenalice.com/game.php?id=1863121"]
[Date "2025.9.18"]
[Round "1"]
[White "chessman"]
[Black "Scharlatan"]
[Result "0-1"]
[WhiteElo "2028"]
[BlackElo "2051"]

1. e4 Nf6 2. d3 e5 3. f4 Nc6 4. Nf3 d5 5. fxe5 dxe4 6. exf6 exf3 7. Qxf3 Nd4 8.
Qe4+ Be6 9. Kd1 Qxf6 10. Nc3 O-O-O 11. Be2 Bf5 12. Qf4 Ne6 13. Qf2 Bc5 14. Qf3
Nd4 15. Qf1 Qg6 16. Bd2 Rhe8 17. h3 Nxe2 0-1

[Event "AUTO-MASTER-3284"]
[Site "http://www.queenalice.com/game.php?id=1864077"]
[Date "2025.10.10"]
[Round "1"]
[White "Capixabba789"]
[Black "Scharlatan"]
[Result "0-1"]
[WhiteElo "1947"]
[BlackElo "2041"]

1. d4 d5 2. Nc3 Nf6 3. f4 Bf5 4. Nf3 e6 5. e3 Nbd7 6. Bd3 Ne4 7. O-O Be7 8. Ne5
f6 9. Nxe4 dxe4 10. Bc4 fxe5 11. fxe5 Nb6 12. Be2 Bg5 13. c4 O-O 14. b4 Qe7 15.
c5 Nd5 16. Qb3 c6 17. a4 a6 18. a5 Qe8 19. Bd2 Qg6 20. Qd1 Bxe3+ 21. Kh1 Bxd4
22. Bh5 Bg4 23. Rxf8+ Rxf8 24. Bxg6 Bxd1 25. Bxe4 Rf1# 0-1

[Event "AUTO-MASTER-3285"]
[Site "http://www.queenalice.com/game.php?id=1864406"]
[Date "2025.10.16"]
[Round "1"]
[White "Capixabba789"]
[Black "Scharlatan"]
[Result "0-1"]
[WhiteElo "1852"]
[BlackElo "2045"]

1. d4 d5 2. Nc3 Nf6 3. f4 Bf5 4. Nf3 e6 5. e3 c5 6. Be2 Nc6 7. O-O Be7 8. a3 O-O
9. Ne5 Ne4 10. Nxe4 Bxe4 11. c3 f6 12. Nf3 Qc7 13. Bd2 Rac8 14. b4 cxb4 15. axb4
a6 16. b5 axb5 17. Bxb5 Na5 18. Ba4 Nc4 19. Bb3 Nxd2 20. Nxd2 Bd3 21. Re1 Qxc3
22. Rc1 Qb4 23. Rxc8 Rxc8 24. Ba2 Rc2 25. Bb1 Rxd2 26. Qc1 Bxb1 27. Qc8+ Kf7 0-1

[Event "AUTO-OPEN-4622"]
[Site "http://www.queenalice.com/game.php?id=1865038"]
[Date "2025.11.3"]
[Round "1"]
[White "Scharlatan"]
[Black "Carlos19"]
[Result "1-0"]
[WhiteElo "2037"]
[BlackElo "1605"]

1. f4 Nc6 2. Nf3 e6 3. e4 Qf6 4. d4 d5 5. e5 Qf5 6. Bd3 Qg4 7. c3 f6 8. O-O fxe5
9. fxe5 Nh6 10. h3 Qg3 11. Ng5 Qh4 12. Nxh7 Nf7 13. Nxf8 Kxf8 14. Qf3 Nd8 15.
Bg6 Qe4 16. Bxe4 1-0